00808nam a2200217Ii 45000010005000000030009000050080041000140400033000550410008000880820016000961000028001122450087001402640067002273000012002943360026003063370028003323380027003609400050003879990017004379520136004543793CO-ViMGA241108s9999||||xx |||||||||||||| ||und|| aCO-ViMGAbspaerdacCO-ViMGA0 aspa04a350.01 S2871 aSimón, Bolivar94417510aSesquicentenario de la muerte del libertador Simón Bolívar 1830-1980:bMemoria 1aBogotá, Colombia : Ministerio de Relaciones Exteriores, 1980 avolumen atextbtxt2rdacontent aunmediatedbn2rdamedia avolumebnc2rdacarrier aidficha_siabuc: 3704. -- ficha_no_siabuc:3793 c46976d46976 001040708001aMEVIGERRbMEVIGERRcGENd2006-11-27o350.01 S287pECA19676r2024-11-26 09:36:48tEj.1w2024-11-26yBKz3704 | 5463